Shonen - Orelsan (Lyrics) - Statistiques

Statistiques générales
  • Ce quiz a été pris 14 fois
  • Le résultat moyen est 197 sur 368
Statistiques - réponses
Réponse % Correct
le
100%
À
91%
à
91%
a
91%
de
91%
les
91%
Les
91%
ce
82%
des
82%
Des
82%
et
82%
la
82%
La
82%
l'a
82%
aujourd'hui
73%
c'était
73%
C'était
73%
éternelle
73%
fait
73%
Hier
73%
hier
73%
J'ai
73%
j'ai
73%
j'efface
73%
jeunesse
73%
j'suis
73%
Merci
73%
merci
73%
mon
73%
on
73%
On
73%
pas
73%
que
73%
shonen
73%
aide
64%
ça
64%
c'que
64%
c'qu'on
64%
crash-test
64%
dettes
64%
erreurs
64%
est
64%
être
64%
ex
64%
fais
64%
hein
64%
J'apprécierais
64%
j'en
64%
j'espère
64%
lumière
64%
Mais
64%
mais
64%
mêmes
64%
mes
64%
moins
64%
ombre
64%
ou
64%
perd
64%
pour
64%
propre
64%
quoi
64%
referai
64%
rien
64%
sans
64%
sera
64%
sert
64%
si
64%
un
64%
votre
64%
y
64%
aime
55%
aux
55%
Bercy
55%
changé
55%
comme
55%
contre
55%
d'écrire
55%
dire
55%
dis
55%
d'la
55%
d'le
55%
d'mon
55%
faire
55%
fils
55%
gens
55%
héros
55%
J'aurais
55%
J'fais
55%
juste
55%
m'aviez
55%
merde
55%
n'se
55%
politique
55%
qu'j'les
55%
qu'on
55%
semaine
55%
s'transforme
55%
sur
55%
textes
55%
Tout
55%
tout
55%
toute
55%
triste
55%
veux
55%
vous
55%
vraiment
55%
6
45%
7
45%
avant
45%
avec
45%
base
45%
bien
45%
chèques
45%
d'avance
45%
d'chiffres
45%
disque
45%
d'm'avoir
45%
dont
45%
en
45%
galères
45%
gamin
45%
genre
45%
hyènes
45%
J'échangerais
45%
j'faisais
45%
j'pose
45%
J'refuse
45%
j'refuse
45%
j'sais
45%
j'veux
45%
j'viens
45%
kiffé
45%
leurs
45%
l'temps
45%
marrer
45%
merdes
45%
New
45%
passé
45%
passe-temps
45%
perdu
45%
pleine
45%
pleins
45%
potes
45%
premier
45%
Prends
45%
préparées
45%
quand
45%
salle
45%
seul
45%
sort
45%
sortir
45%
Tokyo
45%
Tu
45%
York
45%
allez
36%
apprend
36%
bientôt
36%
ces
36%
C'est
36%
c'est
36%
Combien
36%
dans
36%
d'autres
36%
Désolé
36%
donné
36%
eux-mêmes
36%
fier
36%
funèbres
36%
gagnant
36%
Gringe
36%
guerres
36%
ils
36%
impros
36%
intégrité
36%
j'appelle
36%
l'échec
36%
l'prix
36%
milliers
36%
m'oublier
36%
moyens
36%
Orel'
36%
païen
36%
payer
36%
perdue
36%
perdus
36%
personne
36%
qu'des
36%
qu'un
36%
rappliquent
36%
remède
36%
rêves
36%
s'est
36%
seulement
36%
Skread
36%
soirée
36%
sublime
36%
tèj
36%
tonnerre
36%
tous
36%
Ablaye
27%
amitié
27%
Amour
27%
arrière
27%
bataille
27%
chose
27%
choses
27%
défaites
27%
D'habitude
27%
dis-toi
27%
d'mes
27%
d'une
27%
d'voir
27%
grand
27%
j'parle
27%
j'vais
27%
parce
27%
Paris
27%
peu
27%
plaies
27%
poèmes
27%
polémistes
27%
qu'en
27%
quitter
27%
qu'j'achète
27%
s'infectent
27%
sommes
27%
s'sont
27%
verité
27%
besoin
18%
Besoin
18%
c'étaient
18%
D'où
18%
d'quelque
18%
d'soleil
18%
grotesque
18%
j'aimais
18%
J'étais
18%
J'peux
18%
j'peux
18%
j'voulais
18%
l'buzz
18%
l'jeu
18%
meilleur
18%
plus
18%
qu'moi
18%
règles
18%
dev'nir
9%
honnête
9%
moderne
9%
oraisons
9%
rev'nir
9%
d'âmes
0%
Aucun quiz correspondant
Distribution des résultats
% des personnes avec chaque résultat
Percentile par nombre de réponses
Votre historique - résultats
Vous n’avez pas pris ce quiz